<?xml version="1.0" encoding="UTF-8"?>
<record
    xmlns:xsi="http://www.w3.org/2001/XMLSchema-instance"
    xsi:schemaLocation="http://www.loc.gov/MARC21/slim http://www.loc.gov/standards/marcxml/schema/MARC21slim.xsd"
    xmlns="http://www.loc.gov/MARC21/slim">

  <leader>02377nam a22002417a 4500</leader>
  <controlfield tag="005">20240508170239.0</controlfield>
  <controlfield tag="008">220926b           ||||| |||| 00| 0 eng d</controlfield>
  <datafield tag="020" ind1=" " ind2=" ">
    <subfield code="a">9788171302048</subfield>
  </datafield>
  <datafield tag="040" ind1=" " ind2=" ">
    <subfield code="c">AL</subfield>
  </datafield>
  <datafield tag="041" ind1=" " ind2=" ">
    <subfield code="a">mal</subfield>
  </datafield>
  <datafield tag="082" ind1=" " ind2=" ">
    <subfield code="2">23</subfield>
    <subfield code="a">894.8121</subfield>
    <subfield code="b">SUGA</subfield>
  </datafield>
  <datafield tag="100" ind1=" " ind2=" ">
    <subfield code="a">Sugathakumari:</subfield>
    <subfield code="9">163827</subfield>
  </datafield>
  <datafield tag="100" ind1=" " ind2=" ">
    <subfield code="9">60869</subfield>
    <subfield code="d"> &#xD38;&#xD41;&#xD17;&#xD24;&#xD15;&#xD41;&#xD2E;&#xD3E;&#xD30;&#xD3F; </subfield>
  </datafield>
  <datafield tag="245" ind1=" " ind2=" ">
    <subfield code="a">Ambalamani</subfield>
    <subfield code="b"> &#xD05;&#xD2E;&#xD4D;&#xD2A;&#xD32;&#xD2E;&#xD23;&#xD3F; </subfield>
  </datafield>
  <datafield tag="260" ind1=" " ind2=" ">
    <subfield code="a">Kottayam</subfield>
    <subfield code="b">DC Books</subfield>
    <subfield code="c">2022</subfield>
  </datafield>
  <datafield tag="300" ind1=" " ind2=" ">
    <subfield code="a">146p.</subfield>
    <subfield code="b">PB</subfield>
    <subfield code="c">21x13cm.</subfield>
  </datafield>
  <datafield tag="365" ind1=" " ind2=" ">
    <subfield code="2">Malayalam</subfield>
    <subfield code="a">DCB20220905000130767</subfield>
    <subfield code="b">144.00</subfield>
    <subfield code="c">&#x20B9;</subfield>
    <subfield code="d">144.00</subfield>
    <subfield code="e">0</subfield>
    <subfield code="f">09-05-2022</subfield>
  </datafield>
  <datafield tag="520" ind1=" " ind2=" ">
    <subfield code="a">&#xD28;&#xD3F;&#xD17;&#xD42;&#xD22;&#xD2E;&#xD3E;&#xD2F;&#xD3F; &#xD15;&#xD43;&#xD37;&#xD4D;&#xD23;&#xD28;&#xD46; &#xD06;&#xD24;&#xD4D;&#xD2E;&#xD3E;&#xD35;&#xD41;&#xD15;&#xD4A;&#xD23;&#xD4D;&#xD1F;&#xD4D; &#xD05;&#xD30;&#xD4D;&#x200D;&#xD1A;&#xD4D;&#xD1A;&#xD3F;&#xD1A;&#xD4D;&#xD1A;&#xD41;&#xD2A;&#xD4B;&#xD28;&#xD4D;&#xD28; &#xD17;&#xD4B;&#xD2A;&#xD3F;&#xD15;. &#xD15;&#xD43;&#xD37;&#xD4D;&#xD23;&#xD28;&#xD4D;&#x200D; &#xD15;&#xD3E;&#xD32;&#xD3F;&#xD32;&#xD4D;&#x200D; &#xD15;&#xD4B;&#xD32;&#xD30;&#xD15;&#xD4D;&#xD15;&#xD3F;&#xD28;&#xD4D;&#x200D; &#xD1A;&#xD3E;&#xD31;&#xD23;&#xD3F;&#xD1E;&#xD4D;&#xD1E;&#xD41;&#xD15;&#xD4A;&#xD1F;&#xD41;&#xD15;&#xD4D;&#xD15;&#xD41;&#xD2E;&#xD4D;&#xD2A;&#xD4B;&#xD33;&#xD4D;&#x200D; &#xD2A;&#xD41;&#xD33;&#xD15;&#xD3F;&#xD24;&#xD2F;&#xD3E;&#xD15;&#xD41;&#xD28;&#xD4D;&#xD28; &#xD30;&#xD3E;&#xD27;&#xD3F;&#xD15;. &#xD2E;&#xD15;&#xD4D;&#xD15;&#xD33;&#xD46; &#xD2E;&#xD3E;&#xD31;&#xD4B;&#xD1F;&#xD23;&#xD2F;&#xD4D;&#xD15;&#xD4D;&#xD15;&#xD41;&#xD28;&#xD4D;&#xD28; &#xD38;&#xD40;&#xD24;. &#xD37;&#xD47;&#xD2F;&#xD4D;&#xD15;&#xD4D;&#xD15;&#xD3F;&#xD28;&#xD4D;&#xD31;&#xD46; &#xD38;&#xD28;&#xD4D;&#xD24;&#xD24;&#xD3F;&#xD15;&#xD33;&#xD4D;&#x200D;&#xD15;&#xD4D;&#xD15;&#xD41; &#xD27;&#xD3E;&#xD24;&#xD4D;&#xD30;&#xD3F;&#xD2F;&#xD3E;&#xD35;&#xD3E;&#xD28;&#xD4D;&#x200D; &#xD2E;&#xD30;&#xD41;&#xD2D;&#xD42;&#xD2E;&#xD3F;&#xD2F;&#xD3F;&#xD32;&#xD47;&#xD15;&#xD4D;&#xD15;&#xD41; &#xD2A;&#xD4B;&#xD15;&#xD41;&#xD28;&#xD4D;&#xD28; &#xD1C;&#xD46;&#xD38;&#xD4D;&#xD38;&#xD3F;. &#xD07;&#xD35;&#xD30;&#xD46;&#xD32;&#xD4D;&#xD32;&#xD3E;&#xD02; '&#xD38;&#xD4D;&#xD24;&#xD4D;&#xD30;&#xD40;'&#xD2F;&#xD41;&#xD1F;&#xD46; &#xD17;&#xD24;&#xD15;&#xD3E;&#xD32;&#xD38;&#xD24;&#xD4D;&#xD24;&#xD15;&#xD33;&#xD3E;&#xD23;&#xD4D;. &#xD07;&#xD35;&#xD30;&#xD4D;&#x200D; &#xD28;&#xD32;&#xD4D;&#x200D;&#xD15;&#xD41;&#xD28;&#xD4D;&#xD28; &#xD05;&#xD28;&#xD41;&#xD2D;&#xD42;&#xD24;&#xD3F; &#xD35;&#xD3F;&#xD15;&#xD38;&#xD4D;&#xD35;&#xD30;&#xD2A;&#xD41;&#xD37;&#xD4D;&#xD2A;&#xD24;&#xD4D;&#xD24;&#xD3F;&#xD28;&#xD4D;&#xD31;&#xD46; &#xD2A;&#xD41;&#xD24;&#xD41;&#xD2A;&#xD30;&#xD3F;&#xD2E;&#xD33;&#xD2E;&#xD3E;&#xD23;&#xD4D;; &#xD15;&#xD41;&#xD33;&#xD3F;&#xD30;&#xD4D;&#x200D;&#xD24;&#xD23;&#xD32;&#xD3E;&#xD23;&#xD4D;; &#xD15;&#xD1F;&#xD32;&#xD3F;&#xD28;&#xD4D;&#xD31;&#xD46; &#xD2A;&#xD4D;&#xD30;&#xD15;&#xD4D;&#xD37;&#xD41;&#xD2C;&#xD4D;&#xD27;&#xD24;&#xD2F;&#xD41;&#xD02; &#xD15;&#xD4A;&#xD1F;&#xD41;&#xD19;&#xD4D;&#xD15;&#xD3E;&#xD31;&#xD4D;&#xD31;&#xD3F;&#xD28;&#xD4D;&#xD31;&#xD46; &#xD06;&#xD1E;&#xD4D;&#xD1E;&#xD1F;&#xD3F;&#xD15;&#xD4D;&#xD15;&#xD32;&#xD41;&#xD2E;&#xD3E;&#xD23;&#xD4D;. &#xD1A;&#xD3F;&#xD32;&#xD2A;&#xD4D;&#xD2A;&#xD4B;&#xD33;&#xD4D;&#x200D; &#xD07;&#xD33;&#xD02;&#xD15;&#xD3E;&#xD31;&#xD4D;&#xD31;&#xD3F;&#xD28;&#xD4D;&#xD31;&#xD46; &#xD24;&#xD32;&#xD4B;&#xD1F;&#xD32;&#xD41;&#xD02;. &#xD05;&#xD2E;&#xD4D;&#xD2A;&#xD32;&#xD2E;&#xD23;&#xD3F;&#xD2F;&#xD41;&#xD02; &#xD2E;&#xD31;&#xD4D;&#xD31;&#xD41; &#xD28;&#xD3E;&#xD32;&#xD4D;&#xD2A;&#xD24;&#xD41; &#xD15;&#xD35;&#xD3F;&#xD24;&#xD15;&#xD33;&#xD41;&#xD2E;&#xD1F;&#xD19;&#xD4D;&#xD19;&#xD41;&#xD28;&#xD4D;&#xD28; &#xD08; &#xD38;&#xD2E;&#xD3E;&#xD39;&#xD3E;&#xD30;&#xD24;&#xD4D;&#xD24;&#xD3F;&#xD28;&#xD4D; 1982-&#xD32;&#xD46; &#xD13;&#xD1F;&#xD15;&#xD4D;&#xD15;&#xD41;&#xD34;&#xD32;&#xD4D;&#x200D; &#xD05;&#xD35;&#xD3E;&#xD30;&#xD4D;&#x200D;&#xD21;&#xD41;&#xD02; 1984-&#xD32;&#xD46; &#xD06;&#xD36;&#xD3E;&#xD28;&#xD4D;&#x200D;&#xD2A;&#xD4D;&#xD30;&#xD48;&#xD38;&#xD41;&#xD02; &#xD35;&#xD2F;&#xD32;&#xD3E;&#xD30;&#xD4D;&#x200D; &#xD05;&#xD35;&#xD3E;&#xD30;&#xD4D;&#x200D;&#xD21;&#xD41;&#xD02; &#xD32;&#xD2D;&#xD3F;&#xD1A;&#xD4D;&#xD1A;&#xD3F;&#xD1F;&#xD4D;&#xD1F;&#xD41;&#xD23;&#xD4D;&#xD1F;&#xD4D;.</subfield>
  </datafield>
  <datafield tag="650" ind1=" " ind2=" ">
    <subfield code="a">Malayalam Poetry: &#xD2E;&#xD32;&#xD2F;&#xD3E;&#xD33;&#xD02; </subfield>
    <subfield code="9">58509</subfield>
  </datafield>
  <datafield tag="650" ind1=" " ind2=" ">
    <subfield code="a">Malayalam Literature</subfield>
    <subfield code="9">58510</subfield>
  </datafield>
  <datafield tag="700" ind1=" " ind2=" ">
    <subfield code="a">SUGATHAKUMARI: &#xD38;&#xD41;&#xD17;&#xD24;&#xD15;&#xD41;&#xD2E;&#xD3E;&#xD30;&#xD3F; </subfield>
    <subfield code="9">58511</subfield>
  </datafield>
  <datafield tag="942" ind1=" " ind2=" ">
    <subfield code="2">ddc</subfield>
    <subfield code="c">BK</subfield>
  </datafield>
  <datafield tag="999" ind1=" " ind2=" ">
    <subfield code="c">224665</subfield>
    <subfield code="d">224665</subfield>
  </datafield>
  <datafield tag="952" ind1=" " ind2=" ">
    <subfield code="0">0</subfield>
    <subfield code="1">0</subfield>
    <subfield code="2">ddc</subfield>
    <subfield code="4">0</subfield>
    <subfield code="7">0</subfield>
    <subfield code="8">OTH</subfield>
    <subfield code="a">AL</subfield>
    <subfield code="b">AL</subfield>
    <subfield code="d">2022-09-21</subfield>
    <subfield code="e">DC Books</subfield>
    <subfield code="g">144.00</subfield>
    <subfield code="l">0</subfield>
    <subfield code="o">894.8121 SUGA</subfield>
    <subfield code="p">076096</subfield>
    <subfield code="r">2022-09-26 00:00:00</subfield>
    <subfield code="v">160.00</subfield>
    <subfield code="w">2022-09-26</subfield>
    <subfield code="y">BK</subfield>
  </datafield>
</record>
